| 000 | 01190nam a22002777a 4500 | ||
|---|---|---|---|
| 001 | 7860 | ||
| 003 | FISKH | ||
| 005 | 20250812102849.0 | ||
| 008 | 250812b cb ||||| |||| 00| 0 eng d | ||
| 040 |
_aFISKH _beng _cFISKH _dFISKH |
||
| 050 | _aPZ7.M927 L | ||
| 082 | _a813.54 | ||
| 100 | _aMunsch, Robert | ||
| 245 |
_aLove you forever / _cWritten by Robert Munsch ; Illustrated by Sheila McGraw |
||
| 250 | _aThis edition published in 2016 | ||
| 260 |
_aOntario : _bFirefly, _c1945 |
||
| 300 |
_a30 unnumbered pages : _bcolor illustrations ; _c21 cm |
||
| 505 | _aR | ||
| 520 | _aSoftly she sings to him: "I'll love you forever I'll like you for always As long as I'm living My baby you'll be." So begins the story that has touched the hearts of millions worldwide. Since publication in 1986, Love You Forever has sold more than 15 million copies in paperback and the regular hardcover edition (as well as hundreds of thousands of copies in Spanish and French). | ||
| 521 | 8 |
_a780
_bLexile |
|
| 521 | 8 |
_aR
_bRaz-Plus |
|
| 650 |
_aGrowing Up _vRealistic Fiction _xFamily _yMothers |
||
| 700 |
_aMcGraw, Sheila _eillustrator |
||
| 942 |
_2ddc _cBK _n0 |
||
| 999 |
_c7860 _d7860 |
||